Charlie et la Chocolaterie - Le Quiz - Statistiques

Statistiques générales
  • Ce quiz a été pris 76 fois
  • Le résultat moyen est 13 sur 20
Statistiques - réponses
Question Réponse % Correct
Qui est le propriétaire de la chocolaterie ? Willy Wonka
97%
Que faut-il trouver pour pouvoir visiter la chocolaterie ? Un ticket d'Or
95%
Qui accompagne Charlie pour la visiter ? Grand-papa Joe
91%
Animaux qui la jettent aux ordures, la jugeant "pourrie" Des écureuils
86%
Fruit en lequel elle se trouva changée Une myrtille géante
83%
Comment se nomment ses petits ouvriers ? Les Oompa Loompas
80%
Acteurs ayant interprété le propriétaire de la chocolaterie à l'écran Johnny Depp
73%
Quel est le métier du père de Charlie, au début du roman ? Visseur de bouchons de{tubes} {de} {dentifrice}
73%
Qui est l'auteur du roman ? Roald Dahl
72%
Petite fille accro aux gommes à mâcher Violette Beauregard
72%
Avide de chocolat, ce dernier tomba dans... La rivière de chocolat
69%
Garçon très gourmand qui visite la chocolaterie Augustus Gloop
58%
Voulant tester une invention, celui-ci se retrouva... Rétréci
58%
Acteurs ayant interprété le propriétaire de la chocolaterie à l'écran Timothée Chalamet
55%
Quel est le nom de famille du héros ? Bucket
50%
Petite fille trop gâtée qui visite la chocolaterie Veruca Salt
48%
Comment s'intitule la suite de ce roman ? Charlie et le Grand {Ascenseur} {de} {verre}
38%
Petit garçon obsédé par la télévision Mike Teavee
36%
Par quel procédé le chocolat est-il fouetté dans l'usine ? Par une cascade
28%
Acteurs ayant interprété le propriétaire de la chocolaterie à l'écran Gene Wilder
5%
Aucun quiz correspondant
Distribution des résultats
% des personnes avec chaque résultat
Percentile par nombre de réponses
Votre historique - résultats
Vous n’avez pas pris ce quiz